Terrorism mass and public opinion / (Record no. 38759)

MARC details
000 -LEADER
fixed length control field 00781nam a22002057a 4500
005 - DATE AND TIME OF LATEST TRANSACTION
control field 20100802153815.0
010 ## - LCCN (DPL NO)
LC control number ENG-97649
020 ## - INTERNATIONAL STANDARD BOOK NUMBER
International Standard Book Number 8186762302
Terms of availability 300.00
020 ## - INTERNATIONAL STANDARD BOOK NUMBER
International Standard Book Number 9788186762301
Terms of availability 300.00
037 ## - SOURCE OF ACQUISITION
Source of stock number/acquisition DBAD/PUB
082 ## - DEWEY DECIMAL CLASSIFICATION NUMBER
Classification number 303.625
100 ## - MAIN ENTRY--PERSONAL NAME
Personal name Gulam Mohammand Dar
245 ## - TITLE STATEMENT
Title Terrorism mass and public opinion /
Statement of responsibility, etc by Gulam Mohammand Dar
260 ## - PUBLICATION, DISTRIBUTION, ETC. (IMPRINT)
Place of publication, distribution, etc New Delhi
Name of publisher, distributor, etc Dilpreet Publishing House
Date of publication, distribution, etc 2009
270 ## - ADDRESS
Address 4393/4A, First Floor, Ansari Road, Darya Ganj
City New Delhi
Postal code 110002
300 ## - PHYSICAL DESCRIPTION
Extent ix,118
Dimensions 22cm (Hb)
500 ## - GENERAL NOTE
General note Includes bibliographical refrences
942 ## - ADDED ENTRY ELEMENTS (KOHA)
Source of classification or shelving scheme Dewey Decimal Classification
Item type English Books
Classification part 303.625
Call number suffix GUL
Holdings
Withdrawn status Lost status Not for loan Collection code Home library Current library Date acquired Source of acquisition Cost, normal purchase price Full call number Barcode Copy number Cost, replacement price Koha item type
    Not For Loan Non-fiction D.B.Act.Division D.B.Act.Division 02/08/2010 DBAD/PUB 300.00 303.625 GUL EN-81182 1 300.00 English Books

© Delhi Public Library
Hit Counter
free hit counter